Governing an introduction to political science

Saved in:
Bibliographic Details
Main Author: Ranney
Format: Book
Published: New Jersey Prentice Hall International 1990
Edition:7th ed
Subjects:
Tags: Add Tag
No Tags, Be the first to tag this record!
Call Number :JA 66 R298 1990

MARC

LEADER 00000pam a2200000 4500
001 39514
003 MY-KLNDU
005 20241218091845.0
020 0 0 |a 0133947289 
035 |a 0000025290 
039 9 |y 200910091646  |z VLOAD 
090 0 0 |a JA 66  |b R298 1990 
100 1 0 |a Ranney  |h Austin 
245 1 0 |a Governing  |b an introduction to political science  |c Austin Ranney 
250 0 0 |a 7th ed 
260 0 0 |a New Jersey  |b Prentice Hall International  |c 1990 
300 |a xvii, 478p.  |b ill.  |c 23cm 
500 0 0 |a Includes index 
650 0 0 |a Includes sciences 
999 |a vtls000029180  |c 39514  |d 39514